00980nam a2200217 a 450000100100000000500170001000800410002702000150006804000250008310000380010824501560014626000270030230000370032949000460036650400300041250400730044271000720051583000530058795201050064099900170074500004158820201002035644.0131016s2002 sp 001 0 spa d a8400080246 aDO-SdBNPbspacBNPHU1 aPedrero González, Amalia96835313aLéxico español en el sudoeste de Estados Unidos :bBasado en las encuestas del atlas lingüistico de Estados Unidos /cAmalia Pedrero González,. aMadrid :bCSIC,c2002. a422 p ; :bil., retrs. ;c25 cm.1 aBiblioteca de filología hispánicav27 aBibliografía : p. [423] aIncluye referencias bibliográficas y notas al pie de las páginas2 aConsejo Superior de Investigaciones Científicas (España)915178 0aBiblioteca de filología hispánicav27967489 001050718MOaGRbGRcCTd2013-10-11iLF1l0o p41588-10r2020-06-25w2020-06-25y1ZNo se presta c41078d41078